00330nam a2200145Ia 4500008004100000020001800041041000800059082001900067100001200086245002700098260002300125300000800148365001600156700001200172230718s9999 xx 000 0 und d a9789352775873 aeng a364.152'3bSIN aSinh G. aThe Miss India Murders c2018bHarper Black a242 cRs.b299.00 aSinh G.